[Event "GER-chT Betriebe 17th"]
[Site "Berlin"]
[Date "2017.11.04"]
[Round "5.3"]
[White "Laijh, Anton"]
[Black "Wirth, Volker"]
[Result "1/2-1/2"]
[WhiteElo "1541"]
[BlackElo "1738"]
[PlyCount "48"]
[EventDate "2017.11.02"]
[EventType "team-swiss"]
[EventRounds "7"]
[EventCountry "GER"]
[SourceTitle "EXT 2020"]
[Source "ChessBase"]
[SourceDate "2019.10.17"]
[SourceVersion "1"]
[SourceVersionDate "2019.10.17"]
[SourceQuality "1"]
[WhiteTeam "Muenchen ADAC II"]
[BlackTeam "Stuttgart Sparkassen-Vers II"]
[WhiteTeamCountry "GER"]
[BlackTeamCountry "GER"]

1. e4 c5 2. Bc4 Nc6 3. a3 a6 4. Nf3 d6 5. h3 Nf6 6. d3 e6 7. 0-0 b5 8. Ba2 Be7 9. c3 0-0 10. Nh2 d5 11. exd5 exd5 12. f4 Bf5 13. Be3 d4 14. cxd4 Nxd4 15. Nc3 Qd7 16. g4 Bxd3 17. Rf2 c4 18. Nf3 Nxf3+ 19. Qxf3 Rfd8 20. Re1 Nd5 21. Nxd5 Qxd5 22. Qxd5 Rxd5 23. Rd1 Rad8 24. Rfd2 Be4 1/2-1/2

[Event "GER-chT Betriebe 15th"]
[Site "Munich"]
[Date "2015.10.23"]
[Round "6.4"]
[White "Wirth, Volker"]
[Black "Meier, Wolfgang1111"]
[Result "0-1"]
[WhiteElo "1717"]
[BlackElo "1971"]
[PlyCount "68"]
[EventDate "2015.10.22"]
[EventType "team-swiss"]
[EventRounds "7"]
[EventCountry "GER"]
[SourceTitle "EXT 2020"]
[Source "ChessBase"]
[SourceDate "2019.10.17"]
[SourceVersion "1"]
[SourceVersionDate "2019.10.17"]
[SourceQuality "1"]
[WhiteTeam "Stuttgart Sparkassen-Vers"]
[BlackTeam "Muenchen Bayerische Landesb II"]
[WhiteTeamCountry "GER"]
[BlackTeamCountry "GER"]

1. d4 d5 2. c4 c6 3. Nc3 dxc4 4. e4 b5 5. a4 b4 6. Na2 e5 7. Be3 exd4 8. Qxd4 Qxd4 9. Bxd4 c5 10. Be3 Be6 11. Rc1 c3 12. Bb5+ Nd7 13. Bxd7+ Kxd7 14. Rd1+ Kc6 15. Nc1 cxb2 16. Nd3 c4 17. Nxb2 c3 18. Rc1 Kb7 19. Nd3 Rc8 20. Ne2 Nf6 21. f3 Nd7 22. a5 c2 23. Nd4 b3 24. Nxe6 fxe6 25. Bd4 Ba3 26. Bb2 Bxb2 27. Nxb2 Nc5 28. Ke2 Rhd8 29. h4 Rd4 30. g4 Rcd8 31. g5 Nd3 32. Nxd3 Rxd3 33. h5 Rd2+ 34. Ke3 e5 0-1

[Event "GER-chT Betriebe 14th"]
[Site "Dresden"]
[Date "2014.11.22"]
[Round "5.1"]
[White "Safyanovsky, Mark"]
[Black "Wirth, Volker"]
[Result "1-0"]
[WhiteElo "2248"]
[BlackElo "1717"]
[PlyCount "59"]
[EventDate "2014.11.20"]
[EventType "team-swiss"]
[EventRounds "7"]
[EventCountry "GER"]
[SourceTitle "EXT 2020"]
[Source "ChessBase"]
[SourceDate "2019.10.17"]
[SourceVersion "1"]
[SourceVersionDate "2019.10.17"]
[SourceQuality "1"]
[WhiteTeam "Augsburg Osram"]
[BlackTeam "Stuttgart Sparkassen-Vers II"]
[WhiteTeamCountry "GER"]
[BlackTeamCountry "GER"]

1. Nf3 c5 2. g3 d6 3. Bg2 Nc6 4. c4 Nf6 5. 0-0 Bg4 6. h3 Bh5 7. Nc3 e6 8. d4 Be7 9. d5 exd5 10. cxd5 Nb8 11. e4 Nbd7 12. Bf4 a6 13. a4 0-0 14. g4 Bg6 15. Nd2 Re8 16. Bh2 h5 17. f4 hxg4 18. hxg4 Kh8 19. g5 Ng8 20. Qg4 Nf8 21. Rf3 f6 22. Rh3+ Nh7 23. f5 fxg5 24. fxg6 Nh6 25. Rxh6 gxh6 26. gxh7 Bf6 27. Nc4 Be5 28. Nxe5 dxe5 29. Qh5 Qd6 30. Bh3 1-0